[Event "Kadettlandskamp NOR-SWE A 2018"]
[Site "NTG, Bærum, Norway"]
[Date "2018.12.15"]
[Round "5.5"]
[White "Tryggestad, Andreas"]
[Black "Trost, Edvin"]
[Result "1/2-1/2"]
[WhiteTitle "FM"]
[WhiteFideId "1513338"]
[BlackFideId "1729519"]
[WhiteElo "2189"]
[BlackElo "1856"]

1. b3 {[%clk 00:15:18]} {[%emt 00:00:02]} d5 {[%clk 00:15:15]} {[%emt
00:00:05]} 2. Bb2 {[%clk 00:15:28]} c5 {[%clk 00:15:24]} 3. e3 {[%clk
00:15:37]} Nf6 {[%clk 00:15:20]} {[%emt 00:00:13]} 4. Nf3 {[%clk 00:15:46]}
{[%emt 00:00:02]} a6 {[%clk 00:15:26]} {[%emt 00:00:04]} 5. c4 {[%clk
00:15:53]} {[%emt 00:00:03]} Nc6 {[%clk 00:15:26]} {[%emt 00:00:10]} 6. Be2
{[%clk 00:15:58]} {[%emt 00:00:05]} Bf5 {[%clk 00:15:29]} {[%emt 00:00:06]} 7.
O-O {[%clk 00:16:03]} {[%emt 00:00:05]} d4 {[%clk 00:15:26]} {[%emt 00:00:14]}
8. exd4 {[%clk 00:16:10]} {[%emt 00:00:03]} cxd4 {[%clk 00:15:35]} 9. d3 {[%clk
00:16:18]} {[%emt 00:00:02]} e5 {[%clk 00:15:39]} {[%emt 00:00:07]} 10. Ba3
{[%clk 00:16:25]} {[%emt 00:00:04]} Bxa3 {[%clk 00:15:19]} {[%emt 00:00:29]} 11.
Nxa3 {[%emt 00:00:04]} a5 {[%clk 00:15:21]} {[%emt 00:00:07]} 12. Nb5 {[%clk
00:16:10]} {[%emt 00:00:33]} O-O {[%clk 00:15:24]} {[%emt 00:00:06]} 13. a3
{[%clk 00:15:57]} {[%emt 00:00:23]} Qe7 {[%clk 00:15:22]} {[%emt 00:00:12]} 14.
Re1 {[%clk 00:15:52]} {[%emt 00:00:14]} Rad8 {[%clk 00:15:07]} {[%emt
00:00:22]} 15. Bf1 {[%clk 00:14:39]} {[%emt 00:01:25]} Rfe8 {[%clk 00:13:14]}
{[%emt 00:02:04]} 16. Qd2 {[%clk 00:13:23]} {[%emt 00:01:26]} Qd7 {[%clk
00:12:46]} {[%emt 00:00:37]} 17. c5 {[%clk 00:13:09]} {[%emt 00:00:25]} e4
{[%clk 00:12:19]} {[%emt 00:00:37]} 18. Nh4 {[%clk 00:12:42]} {[%emt 00:00:36]}
exd3 {[%clk 00:11:32]} {[%emt 00:00:58]} 19. Rxe8+ {[%clk 00:11:33]} {[%emt
00:01:19]} Nxe8 {[%clk 00:11:39]} {[%emt 00:00:03]} 20. Re1 {[%clk 00:09:04]}
{[%emt 00:02:38]} Bg6 {[%clk 00:07:42]} {[%emt 00:04:08]} 21. Nxg6 {[%clk
00:08:37]} {[%emt 00:00:38]} hxg6 {[%clk 00:07:47]} {[%emt 00:00:03]} 22. Bxd3
{[%clk 00:08:46]} {[%emt 00:00:01]} Qd5 {[%clk 00:06:19]} {[%emt 00:01:38]} 23.
b4 {[%clk 00:08:34]} {[%emt 00:00:22]} axb4 {[%clk 00:06:18]} {[%emt 00:00:11]}
24. axb4 {[%clk 00:08:43]} {[%emt 00:00:02]} Ne5 {[%clk 00:06:03]} {[%emt
00:00:25]} 25. h3 {[%clk 00:06:35]} {[%emt 00:02:18]} Nxd3 {[%clk 00:05:33]}
{[%emt 00:00:40]} 26. Qxd3 {[%clk 00:06:43]} Nf6 {[%clk 00:05:28]} {[%emt
00:00:15]} 27. Re7 {[%clk 00:04:35]} {[%emt 00:02:19]} Qf5 {[%clk 00:03:57]}
{[%emt 00:01:41]} 28. Qxf5 {[%clk 00:02:48]} {[%emt 00:01:56]} gxf5 {[%clk
00:04:06]} {[%emt 00:00:01]} 29. Nd6 {[%clk 00:02:57]} d3 {[%clk 00:03:54]}
{[%emt 00:00:22]} 30. Re3 {[%clk 00:02:39]} {[%emt 00:00:29]} Nd5 {[%clk
00:02:01]} {[%emt 00:02:03]} 31. Rxd3 {[%clk 00:02:48]} {[%emt 00:00:01]} Nxb4
{[%clk 00:02:10]} 32. Rb3 {[%clk 00:01:43]} {[%emt 00:01:15]} Na6 {[%clk
00:02:16]} {[%emt 00:00:04]} 33. Nxb7 {[%clk 00:01:51]} {[%emt 00:00:02]} Rd1+
{[%clk 00:01:11]} {[%emt 00:01:14]} 34. Kh2 {[%clk 00:02:00]} Rc1 {[%clk
00:01:20]} {[%emt 00:00:01]} 35. Rb5 {[%clk 00:01:38]} {[%emt 00:00:31]} f4
{[%clk 00:01:24]} {[%emt 00:00:08]} 36. Ra5 {[%clk 00:00:32]} {[%emt 00:01:15]}
Nb4 {[%clk 00:01:20]} {[%emt 00:00:14]} 37. g3 {[%clk 00:00:18]} Rc2 {[%clk
00:00:43]} {[%emt 00:01:11]} 38. gxf4 {[%clk 00:00:24]} {[%emt 00:00:04]} Rxf2+
{[%clk 00:00:49]} {[%emt 00:00:03]} 39. Kg3 {[%clk 00:00:33]} Rc2 {[%clk
00:00:52]} {[%emt 00:00:08]} 40. Nd6 {[%clk 00:00:23]} {[%emt 00:00:19]} g6
{[%clk 00:00:39]} {[%emt 00:00:25]} 41. Ra7 {[%clk 00:00:19]} {[%emt 00:00:14]}
Rxc5 {[%clk 00:00:41]} {[%emt 00:00:08]} 42. Nxf7 {[%clk 00:00:28]} Nd5 {[%clk
00:00:18]} {[%emt 00:00:33]} 43. Ne5 {[%clk 00:00:16]} {[%emt 00:00:22]} Rc7
{[%clk 00:00:13]} {[%emt 00:00:15]} 44. Rxc7 {[%clk 00:00:15]} {[%emt
00:00:11]} Nxc7 {[%clk 00:00:22]} {[%emt 00:00:01]} 45. Nxg6 {[%clk 00:00:24]}
Kg7 {[%clk 00:00:31]} 46. Ne5 {[%clk 00:00:31]} {[%emt 00:00:03]} Kf6 {[%clk
00:00:37]} {[%emt 00:00:05]} 47. Kg4 {[%clk 00:00:39]} {[%emt 00:00:02]} Nd5
{[%clk 00:00:45]} {[%emt 00:00:02]} 48. Nc4 {[%clk 00:00:34]} {[%emt 00:00:14]}
Ne7 {[%clk 00:00:43]} {[%emt 00:00:13]} 49. h4 {[%clk 00:00:40]} {[%emt
00:00:04]} Nf5 {[%clk 00:00:50]} {[%emt 00:00:03]} 50. Nd2 {[%clk 00:00:30]}
{[%emt 00:00:20]} Nh6+ {[%clk 00:00:33]} {[%emt 00:00:27]} 51. Kh5 {[%clk
00:00:19]} {[%emt 00:00:21]} Nf7 {[%clk 00:00:35]} {[%emt 00:00:07]} 52. Kg4
{[%clk 00:00:24]} {[%emt 00:00:05]} Nh6+ {[%clk 00:00:44]} {[%emt 00:00:01]} 53.
Kf3 {[%clk 00:00:23]} {[%emt 00:00:11]} Nf5 {[%clk 00:00:46]} {[%emt 00:00:07]}
54. Ne4+ {[%clk 00:00:32]} Kg6 {[%clk 00:00:51]} {[%emt 00:00:07]} 55. Kg4
{[%clk 00:00:39]} {[%emt 00:00:03]} Nh6+ {[%clk 00:00:58]} {[%emt 00:00:03]} 56.
Kg3 {[%clk 00:00:46]} {[%emt 00:00:03]} Nf5+ {[%clk 00:01:05]} {[%emt
00:00:03]} 57. Kh3 {[%clk 00:00:55]} {[%emt 00:00:01]} Ne3 {[%clk 00:00:51]}
{[%emt 00:00:24]} 58. Ng3 {[%clk 00:01:04]} {[%emt 00:00:01]} Nd5 {[%clk
00:00:14]} {[%emt 00:00:47]} 59. f5+ {[%clk 00:00:34]} {[%emt 00:00:40]} Kf6
{[%clk 00:00:16]} {[%emt 00:00:08]} 60. Kg4 {[%clk 00:00:43]} Ne3+ {[%clk
00:00:25]} {[%emt 00:00:01]} 61. Kf4 {[%clk 00:00:52]} Ng2+ {[%clk 00:00:31]}
{[%emt 00:00:04]} 62. Kg4 {[%clk 00:00:15]} {[%emt 00:00:47]} Ne3+ {[%clk
00:00:39]} {[%emt 00:00:02]} 63. Kf4 {[%clk 00:00:22]} {[%emt 00:00:03]} Ng2+
{[%clk 00:00:47]} {[%emt 00:00:01]} 64. Kg4 {[%clk 00:00:26]} {[%emt 00:00:06]}
Ne3+ {[%clk 00:00:56]} {[%emt 00:00:02]} 65. Kh5 {[%clk 00:00:35]} Nxf5 {[%clk
00:00:47]} {[%emt 00:00:20]} 66. Nxf5 {[%clk 00:00:41]} {[%emt 00:00:02]} Kxf5
{[%clk 00:00:56]} {[%emt 00:00:03]} 67. Kh6 {[%clk 00:00:49]} {[%emt 00:00:02]}
Kf6 {[%clk 00:01:06]} 68. Kh7 {[%clk 00:00:54]} {[%emt 00:00:06]} Kf7 {[%clk
00:01:14]} {[%emt 00:00:02]} 69. h5 {[%clk 00:01:02]} {[%emt 00:00:02]} Kf8
{[%clk 00:01:17]} {[%emt 00:00:07]} 70. h6 {[%clk 00:01:09]} {[%emt 00:00:02]}
Kf7 {[%clk 00:01:26]} 71. Kh8 {[%clk 00:01:18]} Kf8 {[%clk 00:01:35]} {[%emt
00:00:01]} 72. h7 {[%clk 00:01:27]} Kf7 {[%clk 00:01:45]} 1/2-1/2

[Event "Kadettlandskamp NOR-SWE A 2018"]
[Site "NTG, Bærum, Norway"]
[Date "2018.12.15"]
[Round "5.6"]
[White "Wernberg, Hugo"]
[Black "Kaasen, Tor Fredrik"]
[Result "0-1"]
[BlackTitle "IM"]
[WhiteFideId "1737511"]
[BlackFideId "1516647"]
[WhiteElo "1796"]
[BlackElo "2106"]

1. e4 {[%clk 00:15:19]} c5 {[%clk 00:15:17]} {[%emt 00:00:03]} 2. Nf3 {[%clk
00:15:28]} {[%emt 00:00:02]} d6 {[%clk 00:15:25]} 3. d4 {[%clk 00:15:37]} cxd4
{[%clk 00:15:34]} {[%emt 00:00:02]} 4. Nxd4 {[%clk 00:15:45]} {[%emt 00:00:01]}
Nf6 {[%clk 00:15:43]} 5. Nc3 {[%clk 00:15:53]} {[%emt 00:00:02]} Nc6 {[%clk
00:15:51]} {[%emt 00:00:01]} 6. f3 {[%clk 00:15:40]} {[%emt 00:00:24]} e5
{[%clk 00:15:42]} {[%emt 00:00:19]} 7. Nxc6 bxc6 {[%clk 00:15:50]} 8. Be3
{[%clk 00:15:48]} {[%emt 00:00:01]} Be7 {[%clk 00:15:56]} {[%emt 00:00:04]} 9.
Qd2 {[%clk 00:15:56]} {[%emt 00:00:02]} O-O {[%clk 00:16:00]} {[%emt 00:00:06]}
10. O-O-O {[%clk 00:15:53]} {[%emt 00:00:13]} Be6 {[%clk 00:16:00]} {[%emt
00:00:10]} 11. g4 {[%clk 00:15:24]} {[%emt 00:00:40]} Qa5 {[%clk 00:15:41]}
{[%emt 00:00:27]} 12. a3 {[%clk 00:15:16]} {[%emt 00:00:19]} Rab8 {[%clk
00:15:24]} {[%emt 00:00:27]} 13. Nb1 {[%clk 00:15:16]} {[%emt 00:00:10]} Qc7
{[%clk 00:15:28]} {[%emt 00:00:06]} 14. h4 {[%clk 00:15:07]} {[%emt 00:00:19]}
d5 {[%clk 00:15:14]} {[%emt 00:00:24]} 15. Bg5 {[%clk 00:14:50]} {[%emt
00:00:27]} dxe4 {[%clk 00:14:50]} {[%emt 00:00:34]} 16. Bxf6 {[%clk 00:14:54]}
{[%emt 00:00:05]} Bxf6 {[%clk 00:14:58]} {[%emt 00:00:03]} 17. g5 {[%clk
00:14:55]} {[%emt 00:00:09]} Be7 {[%clk 00:15:02]} {[%emt 00:00:06]} 18. fxe4
{[%clk 00:15:03]} {[%emt 00:00:02]} Qb6 {[%clk 00:15:03]} {[%emt 00:00:08]} 19.
Qc3 {[%clk 00:14:47]} {[%emt 00:00:27]} Bc5 {[%clk 00:14:57]} {[%emt 00:00:16]}
20. b4 {[%emt 00:01:54]} Bd4 21. Qf3 a5 22. c3 {[%clk 00:13:02]} Be3+ {[%clk
00:14:37]} 23. Kc2 {[%emt 00:02:29]} axb4 24. cxb4 {[%clk 00:12:17]} Bd4 {[%clk
00:12:55]} 25. Nc3 {[%clk 00:11:08]} {[%emt 00:03:40]} Qa7 {[%clk 00:12:03]} 26.
Ne2 {[%clk 00:10:47]} {[%emt 00:01:01]} Qa4+ {[%clk 00:11:27]} 27. Kd2 {[%clk
00:09:29]} {[%emt 00:02:14]} Rfd8 {[%clk 00:11:33]} 28. Nxd4 {[%clk 00:09:16]}
{[%emt 00:00:28]} Rxd4+ {[%clk 00:11:41]} 29. Bd3 {[%clk 00:09:25]} {[%emt
00:00:03]} Rbd8 {[%clk 00:11:47]} 30. Ke2 {[%clk 00:09:27]} {[%emt 00:00:12]}
Rxd3 {[%clk 00:11:33]} 31. Rxd3 {[%clk 00:09:28]} {[%emt 00:00:32]} Qc2+ {[%clk
00:11:42]} 32. Ke1 {[%clk 00:09:13]} {[%emt 00:00:26]} Rxd3 {[%clk 00:11:50]}
33. Qe2 {[%clk 00:09:18]} {[%emt 00:00:07]} Qc1+ {[%clk 00:11:56]} 34. Kf2
{[%clk 00:09:27]} {[%emt 00:00:06]} Qf4+ {[%clk 00:12:04]} 35. Kg2 {[%clk
00:09:21]} {[%emt 00:00:12]} Rg3+ {[%clk 00:12:12]} 36. Kh2 {[%clk 00:09:28]}
{[%emt 00:00:11]} Qxh4# {[%clk 00:12:19]} 0-1

[Event "Kadettlandskamp NOR-SWE A 2018"]
[Site "NTG, Bærum, Norway"]
[Date "2018.12.15"]
[Round "6.1"]
[White "Sjøberg, Isak"]
[Black "Carlsson, Ludvig"]
[Result "0-1"]
[BlackTitle "CM"]
[BlackFideId "1727010"]
[WhiteElo "2019"]
[BlackElo "1978"]

1. e4 {[%clk 00:15:17]} {[%emt 00:00:01]} c5 {[%clk 00:15:19]} {[%emt
00:00:02]} 2. Nf3 {[%clk 00:15:23]} {[%emt 00:00:04]} d6 {[%clk 00:15:26]}
{[%emt 00:00:02]} 3. d4 {[%clk 00:15:32]} {[%emt 00:00:02]} cxd4 {[%clk
00:15:34]} {[%emt 00:00:02]} 4. Qxd4 {[%clk 00:15:40]} {[%emt 00:00:02]} Nc6
{[%clk 00:15:42]} {[%emt 00:00:02]} 5. Bb5 {[%clk 00:15:49]} {[%emt 00:00:02]}
a6 {[%clk 00:15:51]} {[%emt 00:00:01]} 6. Bxc6+ {[%clk 00:15:57]} {[%emt
00:00:02]} bxc6 {[%clk 00:15:59]} {[%emt 00:00:01]} 7. c4 {[%clk 00:16:04]}
{[%emt 00:00:04]} e5 {[%clk 00:16:07]} {[%emt 00:00:02]} 8. Qd3 {[%clk
00:16:13]} Nf6 {[%clk 00:16:15]} {[%emt 00:00:01]} 9. O-O {[%clk 00:16:21]}
{[%emt 00:00:02]} Be7 {[%clk 00:16:23]} {[%emt 00:00:03]} 10. Nc3 {[%clk
00:16:30]} {[%emt 00:00:02]} Qc7 {[%clk 00:16:29]} {[%emt 00:00:03]} 11. h3
{[%clk 00:16:37]} {[%emt 00:00:03]} O-O {[%clk 00:16:36]} {[%emt 00:00:02]} 12.
Rd1 {[%clk 00:16:46]} Rd8 {[%clk 00:16:42]} {[%emt 00:00:05]} 13. Bg5 {[%clk
00:16:49]} {[%emt 00:00:06]} a5 {[%clk 00:16:41]} {[%emt 00:00:12]} 14. Rd2
{[%clk 00:16:43]} {[%emt 00:00:15]} Be6 {[%clk 00:16:08]} {[%emt 00:00:43]} 15.
b3 {[%clk 00:16:46]} {[%emt 00:00:07]} h6 {[%clk 00:16:11]} {[%emt 00:00:07]}
16. Be3 {[%clk 00:16:52]} {[%emt 00:00:04]} d5 {[%clk 00:15:41]} {[%emt
00:00:40]} 17. cxd5 {[%clk 00:16:42]} {[%emt 00:00:20]} cxd5 {[%clk 00:15:47]}
{[%emt 00:00:04]} 18. exd5 {[%clk 00:16:23]} {[%emt 00:00:30]} Nxd5 {[%clk
00:15:51]} {[%emt 00:00:06]} 19. Nxd5 {[%clk 00:16:20]} {[%emt 00:00:13]} Bxd5
{[%clk 00:15:01]} {[%emt 00:00:59]} 20. Qf5 {[%clk 00:16:15]} {[%emt 00:00:16]}
Bf6 {[%clk 00:14:25]} {[%emt 00:00:46]} 21. Rad1 {[%clk 00:16:23]} {[%emt
00:00:03]} Be6 {[%clk 00:14:21]} {[%emt 00:00:14]} 22. Qe4 {[%clk 00:15:17]}
{[%emt 00:01:12]} Rxd2 {[%clk 00:13:39]} {[%emt 00:00:56]} 23. Rxd2 {[%clk
00:15:20]} {[%emt 00:00:07]} Rc8 {[%clk 00:13:42]} {[%emt 00:00:07]} 24. Qa4
{[%clk 00:13:55]} {[%emt 00:01:35]} Rd8 {[%clk 00:11:02]} {[%emt 00:02:48]} 25.
Qb5 {[%clk 00:13:13]} {[%emt 00:00:53]} Rb8 {[%clk 00:06:27]} {[%emt 00:04:46]}
26. Qa6 {[%clk 00:13:00]} {[%emt 00:00:23]} Kh7 {[%clk 00:04:50]} {[%emt
00:01:46]} 27. Rd1 {[%clk 00:12:54]} {[%emt 00:00:16]} Qb7 {[%clk 00:04:05]}
{[%emt 00:00:56]} 28. Qxa5 {[%clk 00:12:37]} {[%emt 00:00:28]} Bxh3 {[%clk
00:04:03]} {[%emt 00:00:11]} 29. Ne1 {[%clk 00:11:28]} {[%emt 00:01:19]} Be6
{[%clk 00:03:40]} {[%emt 00:00:33]} 30. Nd3 {[%clk 00:11:33]} {[%emt 00:00:05]}
Ra8 {[%clk 00:03:24]} {[%emt 00:00:26]} 31. Qd2 {[%clk 00:11:27]} {[%emt
00:00:16]} Rd8 {[%clk 00:03:22]} {[%emt 00:00:11]} 32. Qc1 {[%clk 00:10:27]}
{[%emt 00:01:11]} Ra8 {[%clk 00:01:16]} {[%emt 00:02:16]} 33. Nc5 {[%clk
00:10:27]} {[%emt 00:00:09]} Qc8 {[%clk 00:00:53]} {[%emt 00:00:32]} 34. Nxe6
{[%clk 00:09:57]} {[%emt 00:00:40]} Qxe6 {[%clk 00:01:01]} {[%emt 00:00:02]} 35.
Qc2+ {[%clk 00:10:01]} {[%emt 00:00:06]} g6 {[%clk 00:01:09]} {[%emt 00:00:02]}
36. a4 {[%clk 00:09:34]} {[%emt 00:00:38]} Rb8 {[%clk 00:01:17]} {[%emt
00:00:01]} 37. Rb1 {[%clk 00:09:16]} {[%emt 00:00:29]} h5 {[%clk 00:01:06]}
{[%emt 00:00:20]} 38. a5 {[%clk 00:09:22]} {[%emt 00:00:04]} h4 {[%clk
00:01:13]} {[%emt 00:00:03]} 39. b4 {[%clk 00:07:42]} {[%emt 00:01:50]} h3
{[%clk 00:01:01]} {[%emt 00:00:22]} 40. gxh3 {[%clk 00:07:51]} {[%emt
00:00:01]} Qxh3 {[%clk 00:01:00]} {[%emt 00:00:11]} 41. Qe4 {[%clk 00:07:58]}
{[%emt 00:00:02]} Kg7 {[%clk 00:00:53]} {[%emt 00:00:17]} 42. Qg2 {[%clk
00:06:56]} {[%emt 00:01:13]} Qf5 {[%clk 00:00:59]} {[%emt 00:00:03]} 43. Rb2
{[%clk 00:07:04]} {[%emt 00:00:02]} e4 {[%clk 00:00:57]} {[%emt 00:00:11]} 44.
Rb1 {[%clk 00:06:33]} {[%emt 00:00:42]} Ra8 {[%clk 00:00:48]} {[%emt 00:00:19]}
45. b5 {[%clk 00:02:42]} {[%emt 00:04:02]} Rxa5 {[%clk 00:00:36]} {[%emt
00:00:22]} 46. b6 {[%clk 00:02:51]} {[%emt 00:00:01]} Ra8 {[%clk 00:00:30]}
{[%emt 00:00:16]} 47. b7 {[%clk 00:02:53]} {[%emt 00:00:07]} Rb8 {[%clk
00:00:39]} {[%emt 00:00:02]} 48. Qg3 {[%clk 00:01:20]} {[%emt 00:01:43]} Be5
{[%clk 00:00:45]} {[%emt 00:00:04]} 49. Bd4 {[%clk 00:01:24]} {[%emt 00:00:06]}
Bxd4 {[%clk 00:00:48]} {[%emt 00:00:06]} 50. Qxb8 {[%clk 00:01:32]} {[%emt
00:00:03]} Bxf2+ {[%clk 00:00:37]} {[%emt 00:00:20]} 51. Kh2 {[%clk 00:01:13]}
{[%emt 00:00:29]} e3 {[%clk 00:00:16]} {[%emt 00:00:32]} 52. Qd6 {[%clk
00:00:45]} {[%emt 00:00:37]} Qh5+ {[%clk 00:00:13]} {[%emt 00:00:13]} 53. Kg2
{[%clk 00:00:53]} {[%emt 00:00:02]} Qg4+ {[%clk 00:00:15]} {[%emt 00:00:08]} 54.
Kh2 {[%clk 00:00:54]} {[%emt 00:00:09]} Qh4+ {[%clk 00:00:19]} {[%emt
00:00:06]} 55. Kg2 {[%clk 00:01:02]} {[%emt 00:00:02]} Qg4+ {[%clk 00:00:24]}
{[%emt 00:00:05]} 56. Kf1 {[%clk 00:00:58]} {[%emt 00:00:15]} Bg3 {[%clk
00:00:22]} {[%emt 00:00:12]} 57. Qd5 {[%clk 00:00:23]} {[%emt 00:00:45]} e2+
{[%clk 00:00:24]} {[%emt 00:00:08]} 58. Kg1 {[%clk 00:00:25]} {[%emt 00:00:08]}
e1=Q+ {[%clk 00:00:24]} {[%emt 00:00:10]} 59. Rxe1 {[%clk 00:00:33]} {[%emt
00:00:02]} Bxe1+ {[%clk 00:00:32]} {[%emt 00:00:02]} 60. Qg2 {[%clk 00:00:36]}
{[%emt 00:00:07]} Bg3 {[%clk 00:00:33]} {[%emt 00:00:09]} 61. Qb2+ {[%clk
00:00:13]} {[%emt 00:00:33]} Kh7 {[%clk 00:00:41]} {[%emt 00:00:02]} 62. Kh1
{[%clk 00:00:14]} {[%emt 00:00:08]} Qh3+ {[%clk 00:00:39]} {[%emt 00:00:12]} 63.
Kg1 {[%clk 00:00:24]} Bb8 {[%clk 00:00:47]} {[%emt 00:00:03]} 64. Qf6 {[%clk
00:00:23]} {[%emt 00:00:10]} Ba7+ {[%clk 00:00:55]} {[%emt 00:00:03]} 65. Qf2
{[%clk 00:00:23]} {[%emt 00:00:10]} Bxf2+ {[%clk 00:00:58]} {[%emt 00:00:07]}
66. Kxf2 {[%clk 00:00:31]} {[%emt 00:00:03]} Qb3 {[%clk 00:01:06]} {[%emt
00:00:02]} 0-1